[Event "Ricany op"]
[Site "Ricany"]
[Date "2023.08.27"]
[Round "3"]
[White "Benes, Jachym"]
[Black "Soucek, Petr"]
[Result "0-1"]
[WhiteElo "1914"]
[BlackElo "2268"]
[PlyCount "70"]
[EventDate "2023.08.26"]
[EventType "swiss"]
[EventRounds "9"]
[EventCountry "CZE"]
[SourceTitle "CBM 216 Extra"]
[Source "ChessBase"]
[SourceDate "2023.11.30"]
[SourceVersion "1"]
[SourceVersionDate "2023.11.30"]
[SourceQuality "1"]

1. d4 Nf6 2. c4 c5 3. d5 e6 4. Nc3 exd5 5. cxd5 d6 6. e4 g6 7. Bg5 Bg7 8. Nf3 0-0 9. Be2 h6 10. Bh4 Re8 11. Nd2 a6 12. a4 Nbd7 13. 0-0 g5 14. Bg3 Ne5 15. Rb1 g4 16. b4 cxb4 17. Rxb4 Ng6 18. Rb3 h5 19. Nc4 Nxe4 20. Nxe4 Rxe4 21. f3 Rd4 22. Qc2 Rxd5 23. fxg4 hxg4 24. Nb6 Bd4+ 25. Bf2 Bf5 26. Qa2 Bxb6 27. Bxb6 Qg5 28. Be3 Qe7 29. Bc4 Re5 30. Bd4 Re1 31. Qf2 Rxf1+ 32. Qxf1 Qe4 33. Qf2 Rc8 34. Rc3 Rxc4 35. Rxc4 Qb1+ 0-1

[Event "Klatovy op-A 29th"]
[Site "Klatovy"]
[Date "2023.07.08"]
[Round "8"]
[White "Topencik, Bruno"]
[Black "Benes, Jachym"]
[Result "1/2-1/2"]
[WhiteElo "1780"]
[BlackElo "1806"]
[PlyCount "61"]
[EventDate "2023.07.01"]
[EventType "swiss"]
[EventRounds "9"]
[EventCountry "CZE"]
[SourceTitle "CBM 215 Extra"]
[Source "ChessBase"]
[SourceDate "2023.09.30"]
[SourceVersion "1"]
[SourceVersionDate "2023.09.30"]
[SourceQuality "1"]

1. e4 e6 2. d4 d5 3. exd5 exd5 4. c4 c6 5. Nc3 Nf6 6. Bg5 Be7 7. Bd3 dxc4 8. Bxc4 0-0 9. Nge2 Bf5 10. Ng3 Bg6 11. 0-0 Nbd7 12. f4 h6 13. f5 Bh7 14. Bf4 Nb6 15. Bb3 Nbd5 16. Bd2 Qd7 17. Qf3 Rad8 18. Rae1 Rfe8 19. Nh5 Nxh5 20. Qxh5 Bf6 21. Nxd5 cxd5 22. Qg4 Rxe1 23. Bxe1 Re8 24. Bc2 Qb5 25. Bc3 Bg5 26. Qd1 Qc6 27. Re1 Rxe1+ 28. Qxe1 g6 29. g4 Bf4 30. Qe7 Bg5 31. Qe1 1/2-1/2

[Event "Klatovy op-A 29th"]
[Site "Klatovy"]
[Date "2023.07.07"]
[Round "7"]
[White "Benes, Jachym"]
[Black "Sedmihradsky, Tomas"]
[Result "1-0"]
[WhiteElo "1806"]
[BlackElo "1775"]
[PlyCount "97"]
[EventDate "2023.07.01"]
[EventType "swiss"]
[EventRounds "9"]
[EventCountry "CZE"]
[SourceTitle "CBM 215 Extra"]
[Source "ChessBase"]
[SourceDate "2023.09.30"]
[SourceVersion "1"]
[SourceVersionDate "2023.09.30"]
[SourceQuality "1"]

1. d4 Nf6 2. c4 e6 3. Nf3 Bb4+ 4. Bd2 Bxd2+ 5. Qxd2 b6 6. g3 Bb7 7. Bg2 Qe7 8. Nc3 0-0 9. 0-0 d5 10. cxd5 Nxd5 11. Ne5 Nd7 12. Nxd5 exd5 13. Nd3 Rfe8 14. e3 Rac8 15. Rac1 Nf6 16. Bh3 Rcd8 17. Qc3 c6 18. Rc2 Ne4 19. Qb3 c5 20. dxc5 Nxc5 21. Nxc5 bxc5 22. Bg2 Ba6 23. Rd1 d4 24. Rcd2 c4 25. Qa4 dxe3 26. Rxd8 Rxd8 27. Rxd8+ Qxd8 28. fxe3 Qc8 29. Bd5 g6 30. Qb4 Qd8 31. Qc5 Qb6 32. Qxb6 axb6 33. Kf2 Kg7 34. e4 b5 35. a3 f5 36. exf5 gxf5 37. Ke3 Kf6 38. Kd4 Kg5 39. Kc5 Kg4 40. Bg2 f4 41. gxf4 Kxf4 42. Kb6 b4 43. axb4 Bc8 44. Kc7 Ba6 45. Kb6 Bc8 46. b5 Bd7 47. Bc6 Be6 48. Kc7 Ke3 49. b6 1-0

[Event "Klatovy op-A 29th"]
[Site "Klatovy"]
[Date "2023.07.03"]
[Round "3"]
[White "Benes, Jachym"]
[Black "Flajsman, Petr"]
[Result "0-1"]
[WhiteElo "1806"]
[BlackElo "1956"]
[PlyCount "66"]
[EventDate "2023.07.01"]
[EventType "swiss"]
[EventRounds "9"]
[EventCountry "CZE"]
[SourceTitle "CBM 215 Extra"]
[Source "ChessBase"]
[SourceDate "2023.09.30"]
[SourceVersion "1"]
[SourceVersionDate "2023.09.30"]
[SourceQuality "1"]

1. d4 Nf6 2. c4 e6 3. Nf3 d5 4. Nc3 c6 5. Bg5 Nbd7 6. e3 Be7 7. cxd5 exd5 8. Bd3 h6 9. Bh4 Ne4 10. Bxe7 Qxe7 11. Qc2 f5 12. 0-0 0-0 13. Rab1 g5 14. Ne2 Rf6 15. b4 b5 16. a4 a6 17. Rfc1 Bb7 18. Qb2 Re8 19. axb5 axb5 20. Ra1 Nxf2 21. Kxf2 Qxe3+ 22. Kf1 Qxd3 23. Ra3 Rxe2 24. Qxe2 Qxa3 25. Qe8+ Nf8 26. Re1 Qd3+ 27. Kg1 g4 28. Ne5 Qxd4+ 29. Kh1 Qxb4 30. Nd7 Qxe1+ 31. Qxe1 Nxd7 32. Qe8+ Nf8 33. Qe7 Re6 0-1

[Event "CZE-chT2B 2223"]
[Site "Czech Republic"]
[Date "2022.11.06"]
[Round "2.8"]
[White "Benes, Jachym"]
[Black "Hoke, Petr"]
[Result "1/2-1/2"]
[WhiteElo "1895"]
[BlackElo "1933"]
[PlyCount "61"]
[EventDate "2022.10.16"]
[EventType "team-tourn"]
[EventRounds "11"]
[EventCountry "CZE"]
[SourceTitle "EXT 2024"]
[Source "ChessBase"]
[SourceDate "2023.10.10"]
[SourceVersion "1"]
[SourceVersionDate "2023.10.10"]
[SourceQuality "1"]
[WhiteTeam "Kobylisy"]
[BlackTeam "Litomerice II"]
[WhiteTeamCountry "CZE"]
[BlackTeamCountry "CZE"]

1. d4 d6 2. c4 e5 3. d5 f5 4. Nc3 Nf6 5. Nf3 Nbd7 6. Qa4 Ke7 7. Qc2 Nc5 8. b4 Nce4 9. Nxe4 Nxe4 10. g4 g6 11. Bh3 Ke8 12. gxf5 Bxf5 13. Bxf5 gxf5 14. Rg1 Be7 15. Be3 a5 16. b5 Bh4 17. 0-0-0 Qf6 18. Rg2 Kf7 19. Nxh4 Qxh4 20. f3 Qh3 21. Rdg1 Rag8 22. Rxg8 Rxg8 23. Rxg8 Kxg8 24. Qd1 Kf7 25. Qg1 Nf6 26. Bg5 b6 27. Kc2 f4 28. Bxf6 Qf5+ 29. Kd2 Qxf6 30. Qg4 Qe7 31. Qf5+ 1/2-1/2

[Event "Ricany op 20th"]
[Site "Ricany"]
[Date "2022.09.01"]
[Round "7"]
[White "Benes, Jachym"]
[Black "Gacho, Ondrej"]
[Result "1-0"]
[WhiteElo "1876"]
[BlackElo "1517"]
[PlyCount "62"]
[EventDate "2022.08.27"]
[EventType "swiss"]
[EventRounds "9"]
[EventCountry "CZE"]
[SourceTitle "CBM 210 Extra"]
[Source "ChessBase"]
[SourceDate "2022.11.30"]
[SourceVersion "1"]
[SourceVersionDate "2022.11.30"]
[SourceQuality "1"]

1. d4 d5 2. c4 e6 3. Nc3 Nf6 4. Bg5 Be7 5. e3 Nbd7 6. Nf3 0-0 7. cxd5 exd5 8. Bd3 Re8 9. 0-0 c6 10. Qc2 Nf8 11. Rab1 a5 12. Na4 Ne4 13. Bxe7 Qxe7 14. Nb6 Rb8 15. a3 Ng6 16. Nd2 Bg4 17. Nb3 Ng5 18. Be2 Bxe2 19. Qxe2 Qc7 20. Na4 f5 21. Qh5 Re4 22. Qxg5 Rg4 23. Qxg4 fxg4 24. Nac5 Nh4 25. Ne6 Qd6 26. Nf4 Rf8 27. Rbc1 Ng6 28. Nd3 b6 29. Rc2 Rf6 30. Rfc1 Kf7 31. Nd2 h5 1-0

[Event "CZE-chT U18 Extraliga final-B 1819"]
[Site "Czech Republic"]
[Date "2019.04.13"]
[Round "10.6"]
[White "Sebesta, Jan2"]
[Black "Benes, Jachym"]
[Result "1/2-1/2"]
[WhiteElo "1777"]
[BlackElo "1655"]
[PlyCount "130"]
[EventDate "2018.10.05"]
[EventType "team-tourn"]
[EventRounds "11"]
[EventCountry "CZE"]
[SourceTitle "EXT 2023"]
[Source "ChessBase"]
[SourceDate "2022.10.05"]
[SourceVersion "1"]
[SourceVersionDate "2022.10.05"]
[SourceQuality "1"]
[WhiteTeam "Orlova Slavia (U18)"]
[BlackTeam "Praha Kobylisy (U18)"]
[WhiteTeamCountry "CZE"]
[BlackTeamCountry "CZE"]

1. e4 c5 2. c3 Nf6 3. e5 Nd5 4. d4 cxd4 5. Nf3 e6 6. cxd4 d6 7. Nc3 Nxc3 8. bxc3 Qc7 9. Bd2 Nc6 10. exd6 Bxd6 11. Bd3 0-0 12. 0-0 b6 13. Re1 Bb7 14. Qe2 Ne7 15. h3 Nd5 16. Ng5 h6 17. Ne4 Nf4 18. Bxf4 Bxf4 19. g3 Bd6 20. Nxd6 Qxd6 21. Be4 Bxe4 22. Qxe4 Rac8 23. Rac1 Rc4 24. Rc2 Rfc8 25. Rec1 Qa3 26. Qe3 b5 27. Qd2 a5 28. h4 Qa4 29. Kg2 b4 30. Kh2 Qc6 31. Qd3 Rxc3 32. Rxc3 bxc3 33. Rc2 Qc4 34. Qxc4 Rxc4 35. Kg2 Kf8 36. Kf3 Rxd4 37. Rxc3 Ra4 38. a3 Ke7 39. Rd3 e5 40. Ke3 Ke6 41. Rc3 g6 42. Ke2 f6 43. Rc6+ Kf5 44. Rc3 g5 45. hxg5 hxg5 46. Kf3 g4+ 47. Ke3 Kg5 48. Kd3 f5 49. Ke2 f4 50. Kd2 Kf5 51. Rb3 Ke4 52. Ke2 Rd4 53. Rb5 Rd5 54. Rb3 Kd4 55. Rb1 Kc4 56. a4 Rd3 57. gxf4 exf4 58. Rb5 Rd5 59. Rb1 g3 60. fxg3 fxg3 61. Kf1 Rd2 62. Rb5 Rd5 63. Rb1 Rg5 64. Kg2 Kd3 65. Rb5 Rxb5 1/2-1/2

[Event "CZE-chT U18 Extraliga West 1819"]
[Site "Czech Republic"]
[Date "2018.10.07"]
[Round "4.6"]
[White "Nemecek, Lukas"]
[Black "Benes, Jachym"]
[Result "1-0"]
[WhiteElo "1756"]
[BlackElo "1655"]
[PlyCount "71"]
[EventDate "2018.10.05"]
[EventType "team-tourn"]
[EventRounds "11"]
[EventCountry "CZE"]
[SourceTitle "EXT 2023"]
[Source "ChessBase"]
[SourceDate "2022.10.05"]
[SourceVersion "1"]
[SourceVersionDate "2022.10.05"]
[SourceQuality "1"]
[WhiteTeam "Praha Porg (U18)"]
[BlackTeam "Praha Kobylisy (U18)"]
[WhiteTeamCountry "CZE"]
[BlackTeamCountry "CZE"]

1. e4 e5 2. Nf3 Nc6 3. d4 exd4 4. Bc4 Bc5 5. c3 dxc3 6. Bxf7+ Kxf7 7. Qd5+ Ke8 8. Qxc5 d6 9. Qxc3 Qe7 10. 0-0 Bg4 11. Bg5 Qf7 12. Nd4 Nxd4 13. Qxd4 Ne7 14. Bxe7 Kxe7 15. e5 Be6 16. exd6+ cxd6 17. Nc3 Rhd8 18. Ne4 h6 19. Rad1 Rd7 20. Rfe1 Rf8 21. Nxd6 Qxf2+ 22. Qxf2 Rxf2 23. Kxf2 Rxd6 24. Rxd6 Kxd6 25. b3 Bd7 26. Ke3 Be6 27. Kd4 Bd7 28. h3 Bc6 29. g4 Bd7 30. Re4 g6 31. h4 h5 32. gxh5 gxh5 33. Re5 Bg4 34. Rg5 a6 35. Ke4 Ke6 36. Rg7 1-0